[Event "Holzoster am See"]
[Site "Holzoster am See"]
[Date "1981.??.??"]
[Round "?"]
[White "Sznapik, Aleksander"]
[Black "Herzog, Adolf"]
[Result "1-0"]
[WhiteElo "2450"]
[BlackElo "2355"]
[PlyCount "79"]
[EventDate "1981.??.??"]
[Source "www.chesslib.no"]
[SourceDate "2005.08.01"]

1. e4 e6 2. d4 d5 3. Nd2 c5 4. exd5 Qxd5 5. Ngf3 cxd4 6. Bc4 Qd6 7. O-O Nf6 8.
Nb3 Nc6 9. Nbxd4 Nxd4 10. Nxd4 Bd7 11. b3 O-O-O 12. Bb2 Qc7 13. Qe2 Bd6 14. h3
h5 15. Rad1 Ng4 16. Nf3 Bc6 17. hxg4 hxg4 18. Ne5 Rh5 19. Qxg4 g6 20. Rfe1 Rdh8
21. f4 Bc5+ 22. Bd4 Qa5 23. Nxc6 bxc6 24. Bxc5 Qxc5+ 25. Kf1 Rf5 26. Bd3 Rfh5
27. Qf3 g5 28. Re5 Qb6 29. Rxg5 Rh4 30. Ke2 Kb8 31. Rf1 Rh2 32. Qe3 Qc7 33. Qe5
f6 34. Qxc7+ Kxc7 35. Rg6 Kd7 36. Rf2 Ke7 37. Rg7+ Kd6 38. Rxa7 Rg8 39. Be4 Rg4
40. Ra6 1-0

[Event "Holzoster am See"]
[Site "Holzoster am See"]
[Date "1981.??.??"]
[Round "?"]
[White "Sznapik, Aleksander"]
[Black "Sosonko, Gennadi"]
[Result "1/2-1/2"]
[WhiteElo "2450"]
[BlackElo "2595"]
[PlyCount "44"]
[EventDate "1981.??.??"]
[Source "www.chesslib.no"]
[SourceDate "2005.08.01"]

1. e4 c5 2. Nc3 d6 3. Nge2 Nf6 4. g3 Nc6 5. Bg2 g6 6. d4 cxd4 7. Nxd4 Nxd4 8.
Qxd4 Bg7 9. O-O O-O 10. h3 Be6 11. Qd1 Rc8 12. Re1 Qc7 13. Be3 a6 14. a4 Nd7
15. Bd4 Bxd4 16. Qxd4 Ne5 17. f4 Nc6 18. Qf2 Nb4 19. Kh2 Qa5 20. Rad1 Rc5 21.
Rd2 Rfc8 22. Qe3 f6 1/2-1/2

[Event "Holzoster am See"]
[Site "Holzoster am See"]
[Date "1981.??.??"]
[Round "?"]
[White "Szymczak, Zbigniew"]
[Black "Bohm, Hans"]
[Result "1/2-1/2"]
[WhiteElo "2370"]
[BlackElo "2390"]
[PlyCount "47"]
[EventDate "1981.??.??"]
[Source "www.chesslib.no"]
[SourceDate "2005.08.01"]

1. d4 e6 2. c4 f5 3. Nc3 Nf6 4. g3 d5 5. Bg2 c6 6. Nf3 Be7 7. O-O O-O 8. Ne5
Bd7 9. Rb1 Be8 10. cxd5 cxd5 11. Bg5 Nc6 12. Nxc6 Bxc6 13. b4 Ne4 14. Bxe7 Qxe7
15. Nxe4 dxe4 16. Qd2 Rac8 17. Rbc1 Rfd8 18. Qb2 b6 19. a3 Bb5 20. Rfd1 Qd7 21.
e3 Rxc1 22. Rxc1 Rc8 23. Bf1 Bxf1 24. Kxf1 1/2-1/2

[Event "Holzoster am See"]
[Site "Holzoster am See"]
[Date "1981.??.??"]
[Round "?"]
[White "Szymczak, Zbigniew"]
[Black "Hartoch, Rob"]
[Result "0-1"]
[WhiteElo "2370"]
[BlackElo "2405"]
[PlyCount "62"]
[EventDate "1981.??.??"]
[Source "www.chesslib.no"]
[SourceDate "2005.08.01"]

1. d4 Nf6 2. c4 c5 3. d5 g6 4. Nc3 Bg7 5. e4 d6 6. Be2 O-O 7. Bg5 e6 8. Qd2
exd5 9. exd5 Qb6 10. Bd3 Nbd7 11. f4 Ng4 12. Nge2 f5 13. h3 Ngf6 14. O-O-O Re8
15. g4 fxg4 16. Rdg1 Nf8 17. Bxf6 Bxf6 18. hxg4 Bd7 19. f5 Qd8 20. g5 Bxc3 21.
Nxc3 Bxf5 22. Bxf5 gxf5 23. Qf2 Qd7 24. Ne2 Qa4 25. g6 Qxc4+ 26. Nc3 hxg6 27.
Rxg6+ Nxg6 28. Rg1 Kh7 29. Qg2 Qg4 30. Qh2+ Qh4 31. Qg2 Re1+ 0-1

[Event "Holzoster am See"]
[Site "Holzoster am See"]
[Date "1981.??.??"]
[Round "?"]
[White "Szymczak, Zbigniew"]
[Black "Janetschek, Karl"]
[Result "1-0"]
[WhiteElo "2370"]
[BlackElo "2365"]
[PlyCount "91"]
[EventDate "1981.??.??"]
[Source "www.chesslib.no"]
[SourceDate "2005.08.01"]

1. d4 Nf6 2. c4 e6 3. Nf3 b6 4. a3 Bb7 5. Nc3 d5 6. cxd5 exd5 7. g3 Be7 8. Bg2
O-O 9. O-O Na6 10. Ne5 c5 11. Bf4 Ne4 12. Nxe4 dxe4 13. dxc5 Nxc5 14. Qc2 Rc8
15. Rad1 Qe8 16. Qb1 f6 17. Nc4 Qf7 18. Nd6 Bxd6 19. Rxd6 Rcd8 20. Rfd1 Rxd6
21. Rxd6 Qb3 22. Be3 Re8 23. h4 Re5 24. Bh3 Bd5 25. Rd8+ Kf7 26. Bd4 Re7 27.
Bxc5 bxc5 28. e3 Be6 29. Bxe6+ Qxe6 30. Qd1 Qe5 31. Rd5 Qxb2 32. Qh5+ Ke6 33.
Rxc5 Qb3 34. Qxh7 Kd6 35. Rc1 Qxa3 36. Rd1+ Kc7 37. Qg8 Rd7 38. Qc4+ Kd8 39.
Rc1 Ke7 40. Qxe4+ Kf7 41. Rc8 Qe7 42. Qc4+ Kg6 43. Qg4+ Kf7 44. Qh5+ g6 45.
Qh7+ Ke6 46. Qxg6 1-0

[Event "Holzoster am See"]
[Site "Holzoster am See"]
[Date "1981.??.??"]
[Round "?"]
[White "Timman, Jan H"]
[Black "Hoelzl, Franz"]
[Result "1-0"]
[WhiteElo "2620"]
[BlackElo "2375"]
[PlyCount "63"]
[EventDate "1981.??.??"]
[Source "www.chesslib.no"]
[SourceDate "2005.08.01"]

1. e4 c5 2. Nf3 Nc6 3. Bb5 Nf6 4. Nc3 e5 5. Bxc6 dxc6 6. Nxe5 Nxe4 7. Qh5 g6 8.
Nxg6 Qd4 9. Nxh8 Qxf2+ 10. Kd1 Nxc3+ 11. bxc3 Be6 12. Nxf7 Qxf7 13. Qxf7+ Kxf7
14. Rf1+ Kg6 15. h3 Bg7 16. a4 h5 17. Rb1 b6 18. a5 b5 19. Ba3 Rd8 20. Kc1 Rd5
21. c4 Rg5 22. cxb5 cxb5 23. Bb2 Bxb2+ 24. Kxb2 Bd5 25. Rbe1 h4 26. Rf4 Rxg2
27. Re5 Rg5 28. Re7 Rg2 29. Rxh4 Rxd2 30. Rd7 c4 31. Kc3 Rd1 32. Rd6+ 1-0

[Event "Holzoster am See"]
[Site "Holzoster am See"]
[Date "1981.??.??"]
[Round "?"]
[White "Timman, Jan H"]
[Black "Schmidt, Wlodzimierz"]
[Result "1/2-1/2"]
[WhiteElo "2620"]
[BlackElo "2495"]
[PlyCount "62"]
[EventDate "1981.??.??"]
[Source "www.chesslib.no"]
[SourceDate "2005.08.01"]

1. d4 Nf6 2. c4 g6 3. Nc3 d5 4. Nf3 Bg7 5. cxd5 Nxd5 6. e4 Nxc3 7. bxc3 c5 8.
Rb1 O-O 9. Be2 Nc6 10. d5 Ne5 11. Nxe5 Bxe5 12. Qd2 e6 13. f4 Bg7 14. c4 Re8
15. O-O exd5 16. exd5 Bd4+ 17. Kh1 b6 18. Bd3 Bf5 19. Bb2 Bxb2 20. Rxb2 Qf6 21.
Rb3 Re7 22. Bxf5 Qxf5 23. Re3 Rae8 24. Rxe7 Rxe7 25. d6 Rd7 26. Re1 Qf6 27. Rd1
Qe6 28. Qd3 Qg4 29. g3 Rxd6 30. Qxd6 Qf3+ 31. Kg1 Qe3+ 1/2-1/2

[Event "Holzoster am See"]
[Site "Holzoster am See"]
[Date "1981.??.??"]
[Round "?"]
[White "Van der Sterren, Paul"]
[Black "Sydor, Andrzej"]
[Result "1/2-1/2"]
[WhiteElo "2440"]
[BlackElo "2420"]
[PlyCount "122"]
[EventDate "1981.??.??"]
[Source "www.chesslib.no"]
[SourceDate "2005.08.01"]

1. e4 e5 2. Nf3 Nc6 3. Bb5 a6 4. Ba4 Nf6 5. O-O Nxe4 6. d4 Be7 7. Re1 f5 8.
dxe5 Nc5 9. Bb3 Nxb3 10. axb3 O-O 11. Nc3 b6 12. Qd5+ Kh8 13. e6 Bb7 14. exd7
Bd6 15. Qe6 Nb8 16. Bg5 Qxd7 17. Qxd7 Nxd7 18. Be7 Rfe8 19. Bxd6 cxd6 20. Ng5
Kg8 21. Red1 Nf6 22. Rxd6 b5 23. b4 Rad8 24. Rxd8 Rxd8 25. Rd1 Rxd1+ 26. Nxd1
Kf8 27. Ne6+ Ke7 28. Nc5 Bc8 29. f4 Kd6 30. Kf2 a5 31. Nd3 axb4 32. Nxb4 Ng4+
33. Kg3 Kc5 34. h3 Nf6 35. Nd3+ Kd4 36. Kf3 Bb7+ 37. Ke2 Bxg2 38. Ne3 Bxh3 39.
c3+ Ke4 40. Nf2+ Kxf4 41. Nxh3+ Kg3 42. Nf2 g6 43. Nf1+ Kg2 44. Nd3 Ne4 45.
Nf4+ Kh1 46. Ne6 Kg2 47. Nf4+ Kh1 48. Ne6 Kg2 49. Ne3+ Kg3 50. Nd5 h5 51. Nef4
h4 52. Nxg6 h3 53. Ne3 h2 54. Nf1+ Kh3 55. Nxh2 Kxh2 56. Ne7 Kg3 57. Nxf5+ Kf4
58. Nd4 Nd6 59. Kd3 Ke5 60. b3 Kd5 61. b4 Ke5 1/2-1/2

[Event "Holzoster am See"]
[Site "Holzoster am See"]
[Date "1981.??.??"]
[Round "?"]
[White "Van der Vliet, Fred"]
[Black "Adamski, Jan"]
[Result "1/2-1/2"]
[WhiteElo "2395"]
[BlackElo "2430"]
[PlyCount "80"]
[EventDate "1981.??.??"]
[Source "www.chesslib.no"]
[SourceDate "2005.08.01"]

1. d4 Nf6 2. Nf3 e6 3. g3 c5 4. Bg2 Qa5+ 5. Nbd2 cxd4 6. Nxd4 Nc6 7. N4b3 Qc7
8. O-O b6 9. Re1 Bb7 10. e4 d6 11. Nf3 Be7 12. Bf4 Rd8 13. Qe2 O-O 14. e5 Nd5
15. exd6 Nxf4 16. dxc7 Nxe2+ 17. Rxe2 Rd7 18. Ne5 Nxe5 19. Bxb7 Rxc7 20. Ba6
Bf6 21. Rd1 Rb8 22. Bb5 a6 23. Bxa6 Ra8 24. Bb5 Nc4 25. Bxc4 Rxc4 26. c3 Rxa2
27. Red2 g6 28. Nc1 Ra5 29. Rd7 Ra1 30. Nb3 Rxd1+ 31. Rxd1 b5 32. Kf1 Rc7 33.
Rc1 h5 34. h3 Kf8 35. Ke2 Ke7 36. Rc2 Ra7 37. Kd3 Rd7+ 38. Ke2 Ra7 39. Kd3 Rd7+
40. Ke2 Ra7 1/2-1/2

[Event "Holzoster am See"]
[Site "Holzoster am See"]
[Date "1981.??.??"]
[Round "?"]
[White "Van der Wiel, John"]
[Black "Bielczyk, Jacek"]
[Result "1/2-1/2"]
[WhiteElo "2465"]
[BlackElo "2410"]
[PlyCount "52"]
[EventDate "1981.??.??"]
[Source "www.chesslib.no"]
[SourceDate "2005.08.01"]

1. e4 c5 2. Nf3 d6 3. d4 cxd4 4. Nxd4 Nf6 5. Nc3 e5 6. Bb5+ Nbd7 7. Nf5 a6 8.
Ba4 b5 9. Bb3 Nc5 10. Bg5 Bxf5 11. exf5 Be7 12. Bxf6 Bxf6 13. Qd5 O-O 14. O-O
e4 15. Rad1 Bxc3 16. bxc3 Ra7 17. Rd4 Rd7 18. a4 bxa4 19. Bxa4 Re7 20. Rfd1
Nxa4 21. Rxa4 e3 22. fxe3 Rxe3 23. Rxa6 Qh4 24. Qd2 Qe4 25. Ra4 Qxa4 26. Qxe3
Qxc2 1/2-1/2

[Event "Holzoster am See"]
[Site "Holzoster am See"]
[Date "1981.??.??"]
[Round "?"]
[White "Wittmann, Walter"]
[Black "Pytel, Krzysztof"]
[Result "1/2-1/2"]
[WhiteElo "2380"]
[BlackElo "2400"]
[PlyCount "43"]
[EventDate "1981.??.??"]
[Source "www.chesslib.no"]
[SourceDate "2005.08.01"]

1. e4 e5 2. Nf3 Nc6 3. Bb5 f5 4. Nc3 fxe4 5. Nxe4 Nf6 6. Nxf6+ Qxf6 7. O-O Nd4
8. Nxd4 exd4 9. Re1+ Be7 10. Qe2 c6 11. Bd3 d5 12. f4 Kf7 13. c4 dxc3 14. dxc3
Bc5+ 15. Be3 Bxe3+ 16. Qxe3 Bd7 17. Qf3 Rae8 18. Rxe8 Bxe8 19. Re1 Bd7 20. Re5
Re8 21. Qh5+ Kf8 22. Rxe8+ 1/2-1/2

[Event "Holzoster am See"]
[Site "Holzoster am See"]
[Date "1981.??.??"]
[Round "?"]
[White "Wittmann, Walter"]
[Black "Ree, Hans"]
[Result "1/2-1/2"]
[WhiteElo "2380"]
[BlackElo "2485"]
[PlyCount "45"]
[EventDate "1981.??.??"]
[Source "www.chesslib.no"]
[SourceDate "2005.08.01"]

1. e4 c5 2. Nf3 e6 3. d4 cxd4 4. Nxd4 Nf6 5. Nc3 d6 6. g4 a6 7. g5 Nfd7 8. Be3
b5 9. a4 b4 10. Nce2 Bb7 11. Bg2 Ne5 12. Ng3 Be7 13. f4 Nc4 14. Bc1 Nc6 15.
Nxc6 Bxc6 16. Qd4 d5 17. Qxg7 Rf8 18. Qd4 Rc8 19. exd5 Bxd5 20. Bxd5 Nb6 21.
Bd2 Nxd5 22. c4 bxc3 23. bxc3 1/2-1/2

[Event "EUchT qual"]
[Site "Lucerne SUI"]
[Date "1982.??.??"]
[Round "1"]
[White "Bleiman, Yaacov"]
[Black "Bichsel, Walter"]
[Result "1-0"]
[WhiteElo "2460"]
[BlackElo "2305"]
[PlyCount "51"]
[EventDate "1982.03.??"]
[Source "www.chesslib.no"]
[SourceDate "2005.08.01"]

1. d4 Nf6 2. c4 g6 3. Nc3 d5 4. Nf3 Bg7 5. Qa4+ Bd7 6. Qb3 dxc4 7. Qxc4 O-O 8.
e4 Bg4 9. Be3 Nfd7 10. Rd1 Nb6 11. Qb3 e6 12. Be2 Bxf3 13. Bxf3 Nc6 14. d5 exd5
15. Nxd5 Nxd5 16. exd5 Ne5 17. Be2 Qd6 18. O-O b6 19. Rc1 f5 20. Bf4 Kh8 21.
Rc6 Qd8 22. Re6 Re8 23. Bxe5 Bxe5 24. Rxe5 Rxe5 25. Qc3 Qxd5 26. Bf3 1-0

[Event "EUchT qual"]
[Site "Lucerne SUI"]
[Date "1982.??.??"]
[Round "1"]
[White "Gutman, Lev"]
[Black "Zueger, Beat"]
[Result "1-0"]
[WhiteElo "2450"]
[BlackElo "2335"]
[PlyCount "81"]
[EventDate "1982.03.??"]
[Source "www.chesslib.no"]
[SourceDate "2005.08.01"]

1. Nf3 d6 2. d4 Nf6 3. g3 g6 4. Bg2 Bg7 5. O-O O-O 6. c4 c6 7. Nc3 Bg4 8. Bg5
h6 9. Be3 Qc8 10. Qb3 Na6 11. h3 Bxh3 12. Bxh3 Qxh3 13. Qxb7 Qc8 14. Qxe7 Qb8
15. Ne4 Nxe4 16. Qxe4 Qxb2 17. Bf4 d5 18. cxd5 Rfe8 19. Ne5 g5 20. Rfb1 Qc3 21.
Rc1 Qa5 22. Be3 Qxd5 23. Qxd5 cxd5 24. Nc6 Nc7 25. Rab1 Ne6 26. Rb7 Nd8 27.
Nxd8 Rexd8 28. Rcc7 Rf8 29. Rd7 Rad8 30. a4 a6 31. a5 Bf6 32. Rxd8 Bxd8 33. Bd2
Re8 34. e3 Re7 35. Rb8 Rd7 36. Ra8 Kg7 37. Rxa6 h5 38. Rc6 f6 39. a6 Be7 40.
Ba5 Ra7 41. Rc7 1-0

[Event "EUchT qual"]
[Site "Lucerne SUI"]
[Date "1982.??.??"]
[Round "1"]
[White "Keller, Dieter"]
[Black "Greenfeld, Alon"]
[Result "1-0"]
[WhiteElo "2410"]
[BlackElo "2305"]
[PlyCount "59"]
[EventDate "1982.03.??"]
[Source "www.chesslib.no"]
[SourceDate "2005.08.01"]

1. e4 c5 2. Nf3 e6 3. c3 Nf6 4. e5 Nd5 5. d4 cxd4 6. cxd4 Nc6 7. Nc3 Nxc3 8.
bxc3 d6 9. Bd3 dxe5 10. dxe5 Qa5 11. O-O Nxe5 12. Nxe5 Qxe5 13. Rb1 Bd7 14. Re1
Qc7 15. Be3 Bc6 16. Bd4 Be7 17. Qh5 Qd7 18. Bc4 g6 19. Qh6 Rf8 20. Bg7 O-O-O
21. Bxf8 Rxf8 22. Qe3 Kb8 23. Red1 Qc7 24. Bb5 Bxb5 25. Rxb5 Rc8 26. Rdb1 b6
27. Rxb6+ axb6 28. Rxb6+ Ka8 29. Qe4+ Ka7 30. Rb5 1-0

[Event "EUchT qual"]
[Site "Lucerne SUI"]
[Date "1982.??.??"]
[Round "1"]
[White "Lederman, Leon"]
[Black "Franzoni, Giancarlo"]
[Result "1-0"]
[WhiteElo "2415"]
[BlackElo "2295"]
[PlyCount "101"]
[EventDate "1982.03.??"]
[Source "www.chesslib.no"]
[SourceDate "2005.08.01"]

1. e4 c5 2. Nf3 e6 3. d4 cxd4 4. Nxd4 Nc6 5. Nb5 d6 6. c4 Nf6 7. N5c3 Be7 8.
Be2 O-O 9. O-O b6 10. f4 Bb7 11. Bf3 Qc7 12. g4 Na5 13. g5 Nd7 14. b3 f5 15.
Be3 Rae8 16. Nb5 Qb8 17. N1c3 a6 18. Nd4 fxe4 19. Bg4 Nc5 20. Nxe6 Nxe6 21.
Bxe6+ Kh8 22. f5 d5 23. Nxd5 Bxd5 24. cxd5 Nb7 25. Qg4 Bc5 26. Rae1 Qe5 27. Kg2
Bxe3 28. Rxe3 Nc5 29. b4 Nxe6 30. dxe6 g6 31. Rxe4 Qxf5 32. Qxf5 gxf5 33. Re5
Re7 34. h4 Rfe8 35. Rfe1 Kg7 36. h5 h6 37. g6 Kf6 38. Kf3 Kg5 39. Rg1+ Kf6 40.
Rge1 Kg5 41. Rg1+ Kf6 42. Kf4 Kg7 43. Rge1 b5 44. Rxf5 Rxe6 45. Rxe6 Rxe6 46.
Rf7+ Kg8 47. Rh7 Re2 48. Rxh6 Rxa2 49. Rh7 a5 50. Ra7 Ra4 51. Ra8+ 1-0

[Event "EUchT qual"]
[Site "Lucerne SUI"]
[Date "1982.??.??"]
[Round "1"]
[White "Partos, Charles"]
[Black "Birnboim, Nathan"]
[Result "1/2-1/2"]
[WhiteElo "2405"]
[BlackElo "2460"]
[PlyCount "45"]
[EventDate "1982.03.??"]
[Source "www.chesslib.no"]
[SourceDate "2005.08.01"]

1. d4 Nf6 2. c4 g6 3. Nc3 d5 4. Bg5 Ne4 5. Bh4 c5 6. cxd5 Nxc3 7. bxc3 Qxd5 8.
e3 cxd4 9. cxd4 e5 10. Rb1 Qa5+ 11. Qd2 Qxd2+ 12. Kxd2 exd4 13. exd4 Bh6+ 14.
Kc3 O-O 15. Nf3 Bf5 16. Rxb7 Rc8+ 17. Bc4 Nd7 18. Kb3 Rab8 19. Rxb8 Rxb8+ 20.
Kc3 Rc8 21. Kb3 Rb8+ 22. Kc3 Rc8 23. Kb3 1/2-1/2

[Event "EUchT qual"]
[Site "Lucerne SUI"]
[Date "1982.??.??"]
[Round "1"]
[White "Wittwer, Moritz"]
[Black "Bernstein, David"]
[Result "1/2-1/2"]
[WhiteElo "2200"]
[BlackElo "2435"]
[PlyCount "113"]
[EventDate "1982.03.??"]
[Source "www.chesslib.no"]
[SourceDate "2005.08.01"]

1. d4 f5 2. Nf3 Nf6 3. g3 g6 4. Bg2 Bg7 5. O-O d6 6. c4 O-O 7. Nc3 c6 8. d5 e5
9. dxe6 Bxe6 10. Qd3 Na6 11. Ng5 Re8 12. Bf4 Ng4 13. Nxe6 Rxe6 14. e4 Nc5 15.
Qc2 Nxe4 16. Nxe4 fxe4 17. Bxe4 Qb6 18. Bf3 Ne5 19. Bg2 Qd4 20. Qb3 Re7 21.
Rac1 Nf7 22. Rc2 Rae8 23. Rd2 Qc5 24. Qc2 a6 25. Be3 Qh5 26. Qd1 Qa5 27. b3 Qa3
28. Rc2 Qb4 29. Bd2 Qc5 30. Be3 Qf5 31. Rd2 Bc3 32. Rd3 Bf6 33. Bc1 Qa5 34. Qd2
Qxd2 35. Bxd2 Re2 36. Bf3 R2e6 37. Bg2 Re2 38. Bf3 R2e6 39. Bg4 Re4 40. Bf3
R4e6 41. Bg4 Re4 42. Bd1 Kg7 43. Kg2 Rd4 44. Rxd4 Bxd4 45. f4 Nh6 46. g4 Nf7
47. Bf3 h6 48. Rd1 Re7 49. Bc1 Bf6 50. Ba3 g5 51. fxg5 hxg5 52. Bxd6 Nxd6 53.
Rxd6 Be5 54. Rd8 Bc7 55. Rd1 Bf4 56. Rd3 Kf6 57. h3 1/2-1/2

[Event "EUchT qual"]
[Site "Lucerne SUI"]
[Date "1982.??.??"]
[Round "2"]
[White "Bichsel, Walter"]
[Black "Ostermeyer, Peter"]
[Result "1/2-1/2"]
[WhiteElo "2305"]
[BlackElo "2410"]
[PlyCount "49"]
[EventDate "1982.03.??"]
[Source "www.chesslib.no"]
[SourceDate "2005.08.01"]

1. e4 c5 2. Nf3 e6 3. Nc3 Nc6 4. Bb5 Nge7 5. O-O a6 6. Bxc6 Nxc6 7. d4 cxd4 8.
Nxd4 Be7 9. Be3 O-O 10. Qe2 Qc7 11. Rad1 b5 12. Qh5 Bb7 13. a3 Rac8 14. Nxc6
Qxc6 15. Rfe1 f5 16. f3 a5 17. exf5 Rxf5 18. Qg4 b4 19. axb4 axb4 20. Ne2 Rd5
21. c3 bxc3 22. Nxc3 Rxd1 23. Rxd1 Bc5 24. Bxc5 Qxc5+ 25. Qd4 1/2-1/2

[Event "EUchT qual"]
[Site "Lucerne SUI"]
[Date "1982.??.??"]
[Round "2"]
[White "Hecht, Hans-Joachim"]
[Black "Partos, Charles"]
[Result "1/2-1/2"]
[WhiteElo "2460"]
[BlackElo "2405"]
[PlyCount "55"]
[EventDate "1982.03.??"]
[Source "www.chesslib.no"]
[SourceDate "2005.08.01"]

1. e4 c6 2. d4 d5 3. Nd2 dxe4 4. Nxe4 Nd7 5. Nf3 Ngf6 6. Ng3 e6 7. Bc4 Bd6 8.
O-O Qc7 9. Re1 O-O 10. Qe2 c5 11. c3 Bf4 12. Bxf4 Qxf4 13. Rad1 b6 14. Ne5 Bb7
15. Nxd7 Nxd7 16. dxc5 Nxc5 17. Rd4 Qc7 18. Qd2 Rad8 19. Rd1 Rxd4 20. Qxd4 Qc6
21. Bf1 Bc8 22. b4 Nd7 23. Ne4 Qc7 24. Nd6 Nf6 25. Nb5 Qb7 26. Nd6 Qc7 27. Nb5
Qb7 28. Nd6 1/2-1/2

[Event "EUchT qual"]
[Site "Lucerne SUI"]
[Date "1982.??.??"]
[Round "2"]
[White "Huss, Andreas"]
[Black "Bischoff, Klaus"]
[Result "1/2-1/2"]
[WhiteElo "2310"]
[BlackElo "2385"]
[PlyCount "82"]
[EventDate "1982.03.??"]
[Source "www.chesslib.no"]
[SourceDate "2005.08.01"]

1. d4 Nf6 2. Nf3 e6 3. c4 Bb4+ 4. Nbd2 c5 5. dxc5 O-O 6. a3 Bxc5 7. e3 b6 8.
Bd3 Bb7 9. O-O Be7 10. e4 d6 11. b4 Nbd7 12. Bb2 Qc7 13. Nd4 Rfe8 14. f4 a6 15.
N4f3 Nf8 16. Qe2 N6d7 17. e5 Ng6 18. Bxg6 hxg6 19. Rac1 Rad8 20. Ne4 a5 21.
Nxd6 Bxd6 22. exd6 Qxd6 23. Rcd1 Qe7 24. Bc3 axb4 25. axb4 Nf6 26. Ng5 Rxd1 27.
Rxd1 Rd8 28. Rd3 Rxd3 29. Qxd3 Qf8 30. Qd4 b5 31. cxb5 Qa8 32. Qd6 Ne4 33. Nxe4
Bxe4 34. Qe5 f6 35. Qxe6+ Kh7 36. Qh3+ Kg8 37. Qe6+ Kh7 38. Qd7 Bf5 39. Qd2 Qe4
40. Kf2 Be6 41. Qd4 Qb7 1/2-1/2

[Event "EUchT qual"]
[Site "Lucerne SUI"]
[Date "1982.??.??"]
[Round "2"]
[White "Lau, Ralf"]
[Black "Wittwer, Moritz"]
[Result "1/2-1/2"]
[WhiteElo "2415"]
[BlackElo "2200"]
[PlyCount "33"]
[EventDate "1982.03.??"]
[Source "www.chesslib.no"]
[SourceDate "2005.08.01"]

1. e4 e5 2. Nf3 Nf6 3. Nxe5 d6 4. Nf3 Nxe4 5. d4 d5 6. Bd3 Be7 7. O-O Bg4 8.
Re1 Nc6 9. c4 Nf6 10. cxd5 Qxd5 11. Nc3 Bxf3 12. Nxd5 Bxd1 13. Nxf6+ gxf6 14.
Rxd1 Nxd4 15. Be4 O-O-O 16. Be3 Bc5 17. Kf1 1/2-1/2

[Event "EUchT qual"]
[Site "Lucerne SUI"]
[Date "1982.??.??"]
[Round "2"]
[White "Schmid, Lothar"]
[Black "Korchnoi, Viktor"]
[Result "1/2-1/2"]
[WhiteElo "2525"]
[BlackElo "2645"]
[PlyCount "113"]
[EventDate "1982.03.??"]
[Source "www.chesslib.no"]
[SourceDate "2005.08.01"]

1. e4 e5 2. Nf3 Nc6 3. Bb5 a6 4. Ba4 Nf6 5. O-O Nxe4 6. d4 b5 7. Bb3 d5 8. dxe5
Be6 9. Qe2 Bc5 10. Be3 O-O 11. Nbd2 Nxd2 12. Qxd2 d4 13. Bg5 Qd7 14. h3 Rfe8
15. Rfe1 Bb4 16. c3 dxc3 17. bxc3 Qxd2 18. Bxd2 Ba3 19. Bc1 Bf8 20. Bf4 h6 21.
Nd4 Nxd4 22. cxd4 Red8 23. Be3 Ba3 24. Re2 c6 25. Bxe6 fxe6 26. Rc2 Rdc8 27.
Rb1 a5 28. Kf1 Kf7 29. Ke2 Bf8 30. Kd3 Ke8 31. g4 Kd7 32. f4 b4 33. f5 Ra6 34.
Ke4 a4 35. Kd3 Rb8 36. Bd2 a3 37. Rb3 Rb5 38. Kc4 Ra4 39. Rc1 Rd5 40. Rf1 Be7
41. f6 gxf6 42. exf6 Bf8 43. Be3 e5 44. f7 Ra8 45. h4 Ke6 46. g5 hxg5 47. hxg5
exd4 48. Rf6+ Kd7 49. Bd2 Rc5+ 50. Kd3 Re5 51. Bxb4 Rxg5 52. Be1 Ke7 53. Rxc6
Kxf7 54. Rb7+ Kg8 55. Bf2 Rg4 56. Rcc7 Bg7 57. Rd7 1/2-1/2

[Event "EUchT qual"]
[Site "Lucerne SUI"]
[Date "1982.??.??"]
[Round "2"]
[White "Wirthensohn, Heinz"]
[Black "Pfleger, Helmut"]
[Result "1/2-1/2"]
[WhiteElo "2435"]
[BlackElo "2500"]
[PlyCount "89"]
[EventDate "1982.03.??"]
[Source "www.chesslib.no"]
[SourceDate "2005.08.01"]

1. c4 Nf6 2. Nc3 c5 3. Nf3 g6 4. d4 cxd4 5. Nxd4 Bg7 6. e4 d6 7. Be2 Nc6 8. Be3
O-O 9. O-O Bd7 10. f3 a6 11. Nxc6 Bxc6 12. Rc1 Qa5 13. a3 Rfc8 14. Qb3 Nd7 15.
Qa2 Qd8 16. b4 b6 17. Rfd1 Qf8 18. Nd5 a5 19. Qd2 axb4 20. axb4 Rcb8 21. Bg5
Bxd5 22. cxd5 b5 23. Rc2 Qd8 24. Be3 h5 25. Rdc1 Ne5 26. f4 Ng4 27. Bxg4 hxg4
28. Qe2 f5 29. exf5 gxf5 30. Bf2 Qf8 31. Rc7 Qf7 32. Bh4 Qxd5 33. Qxe7 Qd4+ 34.
Kh1 Rf8 35. Bg5 Kh7 36. Qd7 Ra2 37. Qe6 Ra7 38. Rxa7 Qxa7 39. Qxd6 Rc8 40. Rd1
Qf7 41. Qd3 Rc4 42. Re1 Rxb4 43. h4 Rb3 44. Qd1 Ra3 45. Qd6 1/2-1/2

[Event "EUchT qual"]
[Site "Lucerne SUI"]
[Date "1982.??.??"]
[Round "2"]
[White "Zueger, Beat"]
[Black "Lobron, Eric"]
[Result "0-1"]
[WhiteElo "2335"]
[BlackElo "2440"]
[PlyCount "70"]
[EventDate "1982.03.??"]
[Source "www.chesslib.no"]
[SourceDate "2005.08.01"]

1. c4 Nf6 2. g3 e5 3. Bg2 c6 4. d4 exd4 5. Qxd4 d5 6. Nf3 Be7 7. O-O O-O 8.
cxd5 cxd5 9. Be3 Nc6 10. Qa4 Ng4 11. Bd4 Nxd4 12. Nxd4 Bc5 13. Nc3 Bd7 14. Qd1
Qf6 15. e3 Qh6 16. Nf3 Be6 17. Ne2 Rac8 18. Ned4 Bb6 19. Qd2 Rc4 20. h3 Nf6 21.
Nxe6 fxe6 22. Ne5 Re4 23. Nd7 Nxd7 24. Bxe4 Qxh3 25. Bg2 Qh6 26. Qe2 Ne5 27. b3
g5 28. Rfc1 g4 29. Rc2 Nf3+ 30. Bxf3 gxf3 31. Qd3 Rf5 32. Rc8+ Kg7 33. Qb5 Rh5
34. Rg8+ Kf6 35. Rf8+ Ke5 0-1

[Event "EUchT qual"]
[Site "Lucerne SUI"]
[Date "1982.??.??"]
[Round "3"]
[White "Bernstein, David"]
[Black "Kindermann, Stefan"]
[Result "1-0"]
[WhiteElo "2435"]
[BlackElo "2410"]
[PlyCount "95"]
[EventDate "1982.03.??"]
[Source "www.chesslib.no"]
[SourceDate "2005.08.01"]

1. d4 Nf6 2. c4 e6 3. g3 Bb4+ 4. Nd2 O-O 5. Bg2 d5 6. Ngf3 c5 7. dxc5 Bxc5 8.
O-O Nc6 9. a3 a6 10. b4 Ba7 11. Bb2 Re8 12. e3 Qe7 13. Ne5 Rd8 14. Qb3 Bd7 15.
Ndf3 Rac8 16. Rfd1 Nxe5 17. Nxe5 dxc4 18. Nxc4 Bc6 19. Rxd8+ Qxd8 20. Rd1 Qe7
21. Nd6 Rd8 22. Bxc6 bxc6 23. Nb7 Rxd1+ 24. Qxd1 Qd7 25. Qxd7 Nxd7 26. Kf1 Kf8
27. Ke2 g6 28. Bd4 Bxd4 29. exd4 Ke7 30. Kd3 Nb8 31. Kc4 Kd7 32. Nc5+ Kc7 33.
a4 h6 34. f4 Kd6 35. Nd3 f6 36. Nc5 f5 37. Nb7+ Kc7 38. Nc5 Kd6 39. h3 g5 40.
Nb7+ Kc7 41. Nc5 Kd6 42. fxg5 hxg5 43. h4 gxh4 44. gxh4 Ke7 45. Kd3 Kf6 46. Ke3
Kg6 47. Kf4 Kh5 48. Kg3 1-0

[Event "EUchT qual"]
[Site "Lucerne SUI"]
[Date "1982.??.??"]
[Round "3"]
[White "Greenfeld, Alon"]
[Black "Darga, Klaus"]
[Result "1/2-1/2"]
[WhiteElo "2305"]
[BlackElo "2495"]
[PlyCount "97"]
[EventDate "1982.03.??"]
[Source "www.chesslib.no"]
[SourceDate "2005.08.01"]

1. Nf3 Nf6 2. c4 b6 3. Nc3 Bb7 4. d4 e6 5. a3 d5 6. cxd5 Nxd5 7. e3 Be7 8. Bb5+
c6 9. Bd3 Nd7 10. O-O O-O 11. e4 Nxc3 12. bxc3 c5 13. Qe2 Qc7 14. Bb2 Rfe8 15.
Qe3 a6 16. a4 Rad8 17. Rfb1 e5 18. d5 c4 19. Bc2 Bc5 20. Qe2 f5 21. Ng5 Nf6 22.
Ba3 Bxa3 23. Rxa3 Qc5 24. Raa1 Rd6 25. Rb4 b5 26. axb5 axb5 27. Rab1 Ba6 28.
exf5 Rxd5 29. Ne4 Qe7 30. Ra1 Red8 31. Rb2 Nxe4 32. Bxe4 R5d6 33. h3 Qg5 34.
Qf3 Bc8 35. Ra5 Qf4 36. Qxf4 exf4 37. Raxb5 Ba6 38. Ra5 Bc8 39. Ra8 Kf7 40. Ra4
Kf6 41. Ra5 Rd1+ 42. Kh2 Rf1 43. Rba2 Re1 44. Rd5 Rxd5 45. Bxd5 Rc1 46. Ra3
Bxf5 47. Bxc4 g5 48. Bb5 h5 49. f3 1/2-1/2